| 000 | 00382nam a2200145 i 4500 | ||
|---|---|---|---|
| 001 | 97577 | ||
| 003 | ES-MaACL | ||
| 007 | t| | ||
| 008 | 050714s1931 fr ||||1| fre d | ||
| 100 | 1 |
_aMargueritte, Victor. _976636 |
|
| 245 | 1 | 3 |
_aLa patrie humaine / _cVictor Margueritte. |
| 260 |
_aParis : _bLagny E. Grevin, _c1931. |
||
| 300 |
_a286 p. ; _c19 cm. |
||
| 852 |
_aES-MaACL _jB-9082 |
||
| 999 |
_c97577 _d97577 |
||